00322nam a22000977a 4500008004100000041000800041080001000049100000600059101000900065245015000074180521b xxu||||| |||| 00| 0 eng d aeng a043.3 a0 aSHKI aKrahasimi i Sistemeve Operative Mobile Android dhe Windows Phone nga perspektiva e Freelance Software development and Business ValuecMenxhiqi, F